skbl

Dr Suryya Kumar Bhuyan Library Web-OPAC
ডঃ সূৰ্য্য
কুমাৰ ভূঞা পুথিভঁৰাল ৱেব-অ'পেক

All Research Scholars are advised to clear the annual library fees to continue using Library Resources, Remote Access, Plagiarism Test and Library Clearance.

Cotton University Book Fair 2026

A vedic Reader for Students : (Record no. 59109)

MARC details
000 -LEADER
fixed length control field 00751nam a2200205Ia 4500
001 - CONTROL NUMBER
control field 59227
008 - FIXED-LENGTH DATA ELEMENTS--GENERAL INFORMATION
fixed length control field 151027n ii |||gr||||Z||||||465
020 ## - INTERNATIONAL STANDARD BOOK NUMBER
International Standard Book Number 9788120810181
082 ## - DEWEY DECIMAL CLASSIFICATION NUMBER
Classification number 891.2
100 ## - MAIN ENTRY--PERSONAL NAME
Personal name Macdonell,Arthur Anthony.
245 #0 - TITLE STATEMENT
Title A vedic Reader for Students :
Remainder of title Containing thirty hymns of the Rigveda in the original samhita and padatexts with transeration,translation explanatory notes introduction, vocabulary /
Statement of responsibility, etc. Arthur Anthony Macdonell .
Medium Textual Documents
250 ## - EDITION STATEMENT
Edition statement First & Enlarged 1917 /
Remainder of edition statement 2006.
260 ## - PUBLICATION, DISTRIBUTION, ETC.
Place of publication, distribution, etc. Delhi
Name of publisher, distributor, etc. Motilal Banarsidass Publishers
300 ## - PHYSICAL DESCRIPTION
Extent 263pg:
Dimensions 23cm.
653 ## - INDEX TERM--UNCONTROLLED
Uncontrolled term Sanskrit
653 ## - INDEX TERM--UNCONTROLLED
Uncontrolled term Sanskrit literature
653 ## - INDEX TERM--UNCONTROLLED
Uncontrolled term G-Sanskrit
653 ## - INDEX TERM--UNCONTROLLED
Uncontrolled term A vedic Reader for Students
942 ## - ADDED ENTRY ELEMENTS (KOHA)
Source of classification or shelving scheme Dewey Decimal Classification
Koha item type Books
Holdings
Withdrawn status Lost status Damaged status Not for loan Collection Home library Current library Shelving location Date acquired Coded location qualifier Cost, normal purchase price Total checkouts Full call number Barcode Date last seen Copy number Price effective from Koha item type
          Dr. Suryya Kumar Bhuyan Library Dr. Suryya Kumar Bhuyan Library   27/10/2015 00000 150.00   891.2 Ma 119 Ve 1226/san 14/01/2024 1 27/10/2015 Books

Designed and Maintained by Team SKBL
©1901-2026

Powered by Koha